Normal view
MARC view
Entry Topical Term
001 - CONTROL NUMBER
- control field: 5513
003 - CONTROL NUMBER IDENTIFIER
- control field: BD-RjUL
005 - DATE AND TIME OF LATEST TRANSACTION
- control field: 20221027084803.0
008 - FIXED-LENGTH DATA ELEMENTS
- fixed length control field: 221027|| aca||aabn | a|a d
040 ## - CATALOGING SOURCE
- Original cataloging agency: BD-RjUL
- Transcribing agency: BD-RjUL
150 ## - HEADING--TOPICAL TERM
- Topical term or geographic name entry element: Muslims
- Geographic subdivision: Spain
- Form subdivision: Biography
- Form subdivision: Early works to 1800
670 ## - SOURCE DATA FOUND
- Source citation: Work cat.: (BD-RjUL)80634: Ahmed bin Zubair, bin Jaafar # # احمد بن الزبير, ابن جعفر 5512, كتاب صلة الصلة # # Kitab sillah assillah /, 1966.